00451 2200193 4500001002100000005001500021035002000036245003500056100001700091250000600108856004500114260003000159082000800189084001400197600001000211990001200221990001200233990001200245INLIS00000000000172020250505092700 a0010-05250000121 aSebuah Episode /cHanum Safnas0 aHanum Safnas a1 aRuang Baca Umum No Klas 800 ( Rak 3,4,5) aJakarta :bAdicita,c2000 a800 a800 HAN s 4aFiksi a00.0222 a00.0223 a00.0224